Integration and co-operation in Europe / (Record no. 166185)

MARC details
000 -LEADER
fixed length control field 00875pam a2200277 a 4500
008 - FIXED-LENGTH DATA ELEMENTS--GENERAL INFORMATION
fixed length control field
020 ## - INTERNATIONAL STANDARD BOOK NUMBER
International Standard Book Number 0415063396 (pbk. )
049 ## - LOCAL HOLDINGS (OCLC)
Holding library MAIN
090 ## - LOCALLY ASSIGNED LC-TYPE CALL NUMBER (OCLC); LOCAL CALL NUMBER (RLIN)
Classification number (OCLC) (R) ; Classification number, CALL (RLIN) (NR) HC241.2 LAF
003 - CONTROL NUMBER IDENTIFIER
control field
005 - DATE AND TIME OF LATEST TRANSACTION
control field 20230123134443.0
040 ## - CATALOGING SOURCE
Transcribing agency NUST
100 1# - MAIN ENTRY--PERSONAL NAME
Personal name Laffan, Brigid.
245 10 - TITLE STATEMENT
Title Integration and co-operation in Europe /
Statement of responsibility, etc. Brigid Laffan.
260 ## - PUBLICATION, DISTRIBUTION, ETC.
Place of publication, distribution, etc. London :
Name of publisher, distributor, etc. Routledge,
Date of publication, distribution, etc. 1992.
300 ## - PHYSICAL DESCRIPTION
Extent xv, 235 p. :
Other physical details ill. ;
Dimensions 23 cm.
440 #4 - SERIES STATEMENT/ADDED ENTRY--TITLE
Title The Routledge/University Association for Contemporary European Studies series.
504 ## - BIBLIOGRAPHY, ETC. NOTE
Bibliography, etc. note Includes bibliographical references.
500 ## - GENERAL NOTE
General note Includes index.
650 ## - SUBJECT ADDED ENTRY--TOPICAL TERM
Topical term or geographic name entry element European Economic Community.
650 #0 - SUBJECT ADDED ENTRY--TOPICAL TERM
Topical term or geographic name entry element Europe
General subdivision Economic integration.
650 #0 - SUBJECT ADDED ENTRY--TOPICAL TERM
Topical term or geographic name entry element Europe 1992.
650 #0 - SUBJECT ADDED ENTRY--TOPICAL TERM
Topical term or geographic name entry element World politics
Chronological subdivision 1989-
907 ## - LOCAL DATA ELEMENT G, LDG (RLIN)
a .b10243562
b 14-05-07
c 09-05-07
942 ## - ADDED ENTRY ELEMENTS (KOHA)
Koha item type Ordinary Loan Books
Call number prefix HC241.2 LAF
Holdings
Date last seen Total Checkouts Full call number Barcode Cost, replacement price Price effective from Koha item type Lost status Source of classification or shelving scheme Damaged status Not for loan Collection Withdrawn status Home library Current library Shelving location Date acquired Cost, normal purchase price
01/23/2023   HC241.2 LAF 92003034166 80.00 01/23/2023 BOOKS   LCC     NFIC   MAIN MAIN GEN 01/23/2023 80.00